00738nam a2200241 i 4500001001000000003000900010005001700019007000300036008004100039040003000080041000800110082002900118100004300147245003500190250002200225264008400247300002800331336002700359337003300386338002800419650002200447650002700469000040899DO-SdBNP20260321073643.0ta130911s1986 dr 000 f spa d aDO-SdBNPbspacBNPHUerda aspa 4aRD863.44bB742o 19862221 a Bosch, Juan, d1909-2001eautor4aut.13aEl oro y la paz /cJuan Bosch. aNovenaa edición 1aSanto Domingo, República Dominicana : bEditora Corripio, C. por. A.,c1986. a264 páginas ;c21 cm. atextobtxt2rdacontent asin mediaciónbn2rdamedia avolumenbnc2rdacarrier 4aNovela dominicana 4aLiteratura dominicana.